000
00327nam a22001337a 4500
008
180914b xxu||||| |||| 00| 0 eng d
020
_a
9780801883552
041
_a
eng
080
_a
610
100
_a
3
101
_a
SHM
245
_a
Cerebral Palsy A Complete Guide For Caregiving
_c
Miller.F
942
_2
udc
_c
BK
999
_c
47816
_d
47816